000 00332nam a22001217a 4500
008 180601b xxu||||| |||| 00| 0 eng d
041 _aeng
080 _a043.3
100 _a0
101 _aMBE-BTH
245 _aAnalizë mbi bizneset familjare si dhe funksionimin dhe performancën e tyre në Kosovë
_cXhaferi,M
942 _2udc
_cBK
999 _c46244
_d46244